Every Mountain West Team and Nickname - Statistics

General Stats
  • This quiz has been taken 30 times
  • The average score is 20 of 24
Answer Stats
Answer % Correct
Boise State
100%
Cowboys
100%
Wyoming
100%
Broncos
96%
Colorado State
96%
Air Force
92%
Nevada
92%
New Mexico
92%
Rams
92%
San Diego State
92%
Utah State
92%
Fresno State
88%
San Jose State
83%
Aztecs
79%
Hawaii
79%
Lobos
79%
UNLV
79%
Bulldogs
75%
Falcons
75%
Rainbow Warriors
75%
Aggies
71%
Rebels
71%
Spartans
71%
Wolf Pack
67%
No matching quizzes found
Score Distribution
Percent of People with Each Score
Percentile by Number Answered
Your Score History
You have not taken this quiz